000 00741 a2200193 4500
020 _a0121160513
020 _a9780121160517
082 0 4 _a516.36
090 _c403
_d403
100 1 _aBoothby, William M.
245 1 3 _aAn introduction to differentiable manifolds and riemannian geometry, revised.
_nVolume 120, second edition /
_cWilliam M. Boothby, William M. Boothby.
260 _a[S.l.] :
_bAcademic Press,
_c1975.
300 _a400 p. ;
_c23 cm.
490 1 _aPure and applied mathematics.
700 1 _aBoothby, William M.
830 0 _aPure and applied mathematics.
942 _aSNS
_cBK
_k516.36 BOO
999 _c29035
_d29035